Normal view
MARC view
- NIÑOS DE LA CALLE -
Entry Materia
001 - NÚMERO DE CONTROL DEL REGISTRO
- campo de control: 16006
003 - IDENTIFICADOR DE NUMERO DE CONTROL
- campo de control: UPN
005 - FECHA Y HORA DE LA ÚLTIMA TRANSACCIÓN
- campo de control: 20210219193842.0
008 - DATOS DE LONGITUD FIJA
- campo de control de longitud fija: nabaccnnaabn|||||||||| b |nc|||||d
035 ## - NÚMERO DE CONTROL DEL SISTEMA
- Número de control del sistema: UPN10000016014
040 ## - FUENTE DE LA CATALOGACIÓN
- Lengua de catalogación: SPA
- Agencia de transcripción: UPN
053 #4 - NÚMERO CLASIFICADOR - BIBLIOTECA DEL CONGRESO (LC)
- Elemento numérico de la clasificación - Número único o no. inicial del rango: HV887 A7.2 B(Por Bs. As. y se construye con autor-título)
150 ## - ENCABEZAMIENTO - TEMÁTICO
- Término de materia o nombre geográfico como elemento inicial: NIÑOS DE LA CALLE -
- Subdivisión geográfica: BUENOS AIRES, AGENTINA
670 ## - FUENTE EN LA QUE SE LOCALIZARON DATOS
- Cita de la fuente: LC/P
- Información localizada: Street children--Argentina--Buenos Aires
902 ## - CATALOGADOR
- Catalogador: EMR/120810
